000 00666nam a2200217Ia 4500
005 20241129110118.0
008 241129s9999||||xx |||||||||||||| ||und||
020 _a978-0-367-52810-2
037 _aTB
040 _aARTS
_beng
_cARTS
041 _aeng
_2eng
084 _aQ:(D65,8(B)) R3
_qARTS
100 _aCampbell Heidi A. Au.; Bellar Wendi Au.
_9727243
245 0 _aDigital religion: the basics
_cCampbell Heidi A. Au.; Bellar Wendi Au.
260 _aUK
_bRoutledge
_c2018
300 _a172p.
365 _aUKP
_b16.99
650 _aReligionEngineeringComputer Application
_9727244
942 _cTB
_hQ:(D65,8(B)) R3
999 _c1227347
_d1227347